| 000 | 00549nam a22002057a 4500 | ||
|---|---|---|---|
| 003 | CEME | ||
| 005 | 20210628202342.0 | ||
| 008 | 201231b xxu||||| |||| 00| 0 eng d | ||
| 020 | _a0521540518 | ||
| 040 | _cceme | ||
| 082 | _a006.37 HAR | ||
| 100 |
_aHartley,Richard _92861 |
||
| 245 | _aMultiple view geometry in computer vision | ||
| 250 | _a2ND | ||
| 260 |
_aUK _bCAMBRIDGE UNIVERSITY PRESS _c2003 |
||
| 300 | _a672P | ||
| 650 |
_aMULTIPLE VIEW GEOMETRY IN COMPUTER VISION _959507 |
||
| 700 |
_aZisserman,Andrew _92864 |
||
| 942 |
_cBK _2ddc |
||
| 999 |
_c569469 _d569469 |
||